Digital identity

Αποθηκεύτηκε σε:
Λεπτομέρειες βιβλιογραφικής εγγραφής
Κύριος συγγραφέας: Windley, Phillip J. 1958-
Μορφή: Βιβλίο
Γλώσσα:English
Δημοσίευση: Beijing : O'Reilly, c2005
Θέματα:
Ετικέτες: Προσθήκη ετικέτας
Δεν υπάρχουν, Καταχωρήστε ετικέτα πρώτοι!

MARC

LEADER 00000nam a2200000 i 4500
001 1/78205
008 080320s2005 eng d
020 |a 0-596-00878-3 
035 |l 10095672 
040 |a GR-MY-UA  |b gre  |e aacr 
041 0 |a eng 
082 0 |a 005.8  |2 (22) 
100 1 |a Windley, Phillip J.  |d 1958- 
245 1 0 |a Digital identity /  |c Phillip J. Windley 
260 |a Beijing :   |b O'Reilly,   |c c2005 
300 |a xviii, 234 σ.;  |b εικ.;  |c 24 εκ. 
504 |a Περιλαμβάνει ευρετήριο. 
650 0 0 |a Computer networks  |x Security measures. 
852 |a INST  |b SYROS  |e 20080320  |h 005.8 WIN  |p 005500006319  |q 005500006319  |t BK  |y 0 
901 |a BIBL5-2008-1 
909 |a Ε  |b 137980 
922 |a 5ΕΛΗ  |b 200707  |c ΕΠΕΑΕΚ2/ΤΜΣΠΣ  |d ΕΛΕΥΘΕΡΟΥΔΑΚΗΣ 
970 |a ΚΑΓΙΑΒΑ  |b ΕΙΡΗΝΗ  |z 2008/03/20